000 00547nam a2200217Ia 4500
003 OSt
005 20220926044727.0
006 a|||||r|||| 00| 0
007 ta
008 220923b |||||||| |||| 00| 0 eng d
037 _cGeneral Book
040 _aRTL
_cRTL
_beng
041 _2eng
_aeng
082 _aV2:14.N6, K4
100 _aKhera S S
_9100581
245 0 _aDistrict administration in India
260 _c1964
650 _aIndian History
942 _hV2:14.N6, K4
_cGB
_2CC
999 _c675617
_d675617